[Event "International Tournament"]
[Site "Thivon"]
[Date "2016.08.27"]
[Round "3.5"]
[White "Stathopoulos, Ioannis"]
[Black "Katopodis, Dimitrios"]
[Result "1-0"]
[BlackElo "2126"]
[WhiteElo "2343"]
[LiveChessVersion "1.4.8"]

1. d4 {[%clk 1:30:57]} d6 {[%clk 1:30:24]} 2. Nf3 {[%clk 1:30:34]} Nf6
{[%clk 1:30:23]} 3. g3 {[%clk 1:30:30]} c6 {[%clk 1:28:33]} 4. Bg2
{[%clk 1:30:16]} Nbd7 {[%clk 1:26:15]} 5. c4 {[%clk 1:27:23]} e5 {[%clk 1:24:11]}
6. Nc3 {[%clk 1:27:29]} Be7 {[%clk 1:22:56]} 7. O-O {[%clk 1:26:35]} O-O
{[%clk 1:21:20]} 8. e4 {[%clk 1:25:55]} Qc7 {[%clk 1:18:02]} 9. b3
{[%clk 1:26:05]} Rd8 {[%clk 1:13:39]} 10. Bb2 {[%clk 1:25:55]} Nf8
{[%clk 1:12:40]} 11. h3 {[%clk 1:26:17]} Ng6 {[%clk 1:11:27]} 12. d5
{[%clk 1:26:07]} c5 {[%clk 1:00:09]} 13. Ne1 {[%clk 1:26:08]} a6 {[%clk 0:58:09]}
14. Nd3 {[%clk 1:26:08]} Rb8 {[%clk 0:54:04]} 15. a4 {[%clk 1:24:53]} b6
{[%clk 0:48:59]} 16. f4 {[%clk 1:25:08]} Nd7 {[%clk 0:48:24]} 17. h4
{[%clk 1:24:43]} Bf6 {[%clk 0:41:04]} 18. h5 {[%clk 1:24:55]} Ngf8
{[%clk 0:39:47]} 19. Bf3 {[%clk 1:09:08]} h6 {[%clk 0:35:13]} 20. Kg2
{[%clk 1:09:28]} Nh7 {[%clk 0:33:48]} 21. Qe2 {[%clk 1:06:50]} Re8
{[%clk 0:32:24]} 22. Rae1 {[%clk 1:05:23]} Ndf8 {[%clk 0:31:05]} 23. Nf2
{[%clk 1:05:02]} Bd7 {[%clk 0:30:05]} 24. Ng4 {[%clk 1:04:32]} Qc8
{[%clk 0:28:20]} 25. Rh1 {[%clk 1:03:05]} exf4 {[%clk 0:26:08]} 26. Nxf6+
{[%clk 1:03:01]} Nxf6 {[%clk 0:25:09]} 27. gxf4 {[%clk 1:03:27]} Bg4
{[%clk 0:23:47]} 28. Rh4 {[%clk 0:58:19]} Bxf3+ {[%clk 0:22:18]} 29. Qxf3
{[%clk 0:58:45]} N8h7 {[%clk 0:21:09]} 30. Rg1 {[%clk 0:56:57]} Re7
{[%clk 0:19:39]} 31. Qg3 {[%clk 0:55:53]} Qd7 {[%clk 0:15:50]} 32. e5
{[%clk 0:53:11]} Ne8 {[%clk 0:14:01]} 33. Rg4 {[%clk 0:53:19]} Qf5
{[%clk 0:11:24]} 34. exd6 {[%clk 0:48:17]} Rd7 {[%clk 0:09:33]} 35. Kf1
{[%clk 0:45:47]} Ng5 {[%clk 0:07:37]} 36. Ke1 {[%clk 0:44:18]} Nf6
{[%clk 0:06:47]} 37. fxg5 {[%clk 0:44:07]} Nxg4 {[%clk 0:05:36]} 38. Qxg4
{[%clk 0:44:26]} Re8+ {[%clk 0:05:23]} 39. Kd1 {[%clk 0:44:23]} Qxg4+
{[%clk 0:02:24]} 40. Rxg4 {[%clk 0:59:46]} hxg5 {[%clk 0:17:15]} 41. Rxg5
{[%clk 0:59:16]} Rxd6 {[%clk 0:17:34]} 42. Ne2 {[%clk 0:57:52]} f6
{[%clk 0:17:27]} 43. Rg4 {[%clk 0:57:01]} Re3 {[%clk 0:15:01]} 44. Ng3
{[%clk 0:56:55]} Rxb3 {[%clk 0:14:45]} 45. Nf5 {[%clk 0:57:05]} Rd7
{[%clk 0:14:33]} 46. Bxf6 {[%clk 0:57:00]} Rf3 {[%clk 0:12:11]} 47. Nxg7
{[%clk 0:55:38]} Rxf6 {[%clk 0:11:13]} 48. Ne8+ {[%clk 0:56:06]} Kf7
{[%clk 0:11:37]} 49. Nxf6 {[%clk 0:56:14]} Kxf6 {[%clk 0:11:49]} 50. Ke2
{[%clk 0:55:56]} b5 {[%clk 0:11:23]} 51. axb5 {[%clk 0:56:16]} axb5
{[%clk 0:11:42]} 52. Kd3 {[%clk 0:56:38]} b4 {[%clk 0:10:47]} 53. Rg6+
{[%clk 0:57:00]} Kf5 {[%clk 0:10:17]} 54. Rc6 {[%clk 0:57:24]} Kg5
{[%clk 0:09:37]} 55. Rxc5 {[%clk 0:57:48]} Kxh5 {[%clk 0:09:25]} 56. Rb5
{[%clk 0:58:16]} 1-0

[Event "International Tournament"]
[Site "Thivon"]
[Date "2016.08.27"]
[Round "3.6"]
[White "Nikolaou, Spiridon"]
[Black "Hristodoulou, Panagiotis"]
[Result "1/2-1/2"]
[BlackElo "2283"]
[WhiteElo "2065"]
[LiveChessVersion "1.4.8"]

1. d4 {[%clk 1:30:45]} d5 {[%clk 1:27:46]} 2. Bf4 {[%clk 1:31:09]} Nf6
{[%clk 1:26:35]} 3. e3 {[%clk 1:31:23]} c5 {[%clk 1:26:53]} 4. Nf3
{[%clk 1:31:46]} Nc6 {[%clk 1:27:17]} 5. Nbd2 {[%clk 1:31:54]} Qb6
{[%clk 1:21:19]} 6. dxc5 {[%clk 1:24:52]} Qxc5 {[%clk 1:12:23]} 7. Bd3
{[%clk 1:18:37]} g6 {[%clk 1:05:29]} 8. a3 {[%clk 1:14:05]} Bg7 {[%clk 1:04:05]}
9. b4 {[%clk 1:11:05]} Qb6 {[%clk 1:02:32]} 10. c4 {[%clk 1:00:19]} dxc4
{[%clk 1:00:01]} 11. Nxc4 {[%clk 0:57:38]} Qd8 {[%clk 1:00:09]} 12. Ra2
{[%clk 0:48:02]} Nd5 {[%clk 0:47:17]} 13. Be4 {[%clk 0:33:58]} Bc3+
{[%clk 0:29:57]} 14. Ke2 {[%clk 0:31:14]} Nxf4+ {[%clk 0:29:52]} 15. exf4
{[%clk 0:31:26]} Be6 {[%clk 0:30:01]} 16. Qd3 {[%clk 0:24:20]} Qxd3+
{[%clk 0:24:06]} 17. Kxd3 {[%clk 0:24:20]} Bg7 {[%clk 0:22:37]} 18. Rc2
{[%clk 0:21:41]} O-O {[%clk 0:19:52]} 19. Nce5 {[%clk 0:20:54]} Rfd8+
{[%clk 0:16:06]} 20. Ke3 {[%clk 0:20:58]} Nxe5 {[%clk 0:16:05]} 21. Nxe5
{[%clk 0:19:46]} f6 {[%clk 0:12:28]} 22. Nd3 {[%clk 0:17:35]} Rac8
{[%clk 0:08:15]} 23. Rxc8 {[%clk 0:15:35]} Bxc8 {[%clk 0:07:53]} 24. Rc1
{[%clk 0:14:12]} f5 {[%clk 0:04:45]} 25. Bf3 {[%clk 0:09:18]} b6 {[%clk 0:04:51]}
26. b5 {[%clk 0:05:25]} Bd4+ {[%clk 0:03:49]} 27. Ke2 {[%clk 0:05:51]} Be6
{[%clk 0:04:10]} 28. Rc7 {[%clk 0:04:40]} Rd7 {[%clk 0:04:38]} 29. Rxd7
{[%clk 0:04:13]} Bxd7 {[%clk 0:05:07]} 30. Bd5+ {[%clk 0:04:30]} Kg7
{[%clk 0:05:01]} 31. a4 {[%clk 0:04:20]} Kf6 {[%clk 0:05:18]} 32. Nb4
{[%clk 0:04:04]} Ke5 1/2-1/2

[Event "International Tournament"]
[Site "Thivon"]
[Date "2016.08.27"]
[Round "3.7"]
[White "Kondopoulos, Dimitrios"]
[Black "Kouskoutis, Georgios-Alexandro"]
[Result "0-1"]
[BlackElo "2241"]
[WhiteElo "1997"]
[LiveChessVersion "1.4.8"]

1. e4 {[%clk 1:26:41]} c5 {[%clk 1:30:50]} 2. Nf3 {[%clk 1:27:03]} e6
{[%clk 1:31:11]} 3. d4 {[%clk 1:27:27]} cxd4 {[%clk 1:31:35]} 4. Nxd4
{[%clk 1:27:51]} Nc6 {[%clk 1:31:58]} 5. Nc3 {[%clk 1:28:15]} Qc7
{[%clk 1:32:23]} 6. Be3 {[%clk 1:28:33]} a6 {[%clk 1:32:46]} 7. Qf3
{[%clk 1:28:49]} Nf6 8. O-O-O {[%clk 1:25:57]} Be7 {[%clk 1:25:26]} 9. Kb1
{[%clk 1:18:25]} O-O {[%clk 1:19:13]} 10. h4 {[%clk 0:51:29]} Nxd4
{[%clk 1:04:21]} 11. Bxd4 {[%clk 0:47:15]} d6 {[%clk 0:57:45]} 12. Qe3
{[%clk 0:35:38]} b5 {[%clk 0:48:57]} 13. e5 {[%clk 0:27:40]} Ng4 {[%clk 0:35:35]}
14. Qe4 {[%clk 0:22:41]} dxe5 {[%clk 0:34:19]} 15. Qxa8 {[%clk 0:22:02]} exd4
{[%clk 0:34:36]} 16. Qe4 {[%clk 0:16:12]} Nxf2 {[%clk 0:33:01]} 17. Qxd4
{[%clk 0:13:58]} Nxh1 {[%clk 0:32:32]} 18. Bd3 {[%clk 0:10:37]} Ng3
{[%clk 0:27:58]} 19. Qg4 {[%clk 0:09:26]} Nf5 {[%clk 0:24:43]} 20. h5
{[%clk 0:09:20]} Qe5 {[%clk 0:21:07]} 21. a3 {[%clk 0:04:30]} Bf6
{[%clk 0:16:06]} 22. Qh3 {[%clk 0:01:38]} Bb7 {[%clk 0:15:05]} 23. g4
{[%clk 0:01:35]} Qg3 {[%clk 0:13:06]} 24. Qxg3 {[%clk 0:01:00]} Nxg3
{[%clk 0:13:32]} 25. Rg1 {[%clk 0:01:02]} Bxc3 {[%clk 0:13:46]} 26. bxc3
{[%clk 0:01:25]} Ne4 {[%clk 0:14:07]} 27. c4 {[%clk 0:01:20]} bxc4 0-1

[Event "International Tournament"]
[Site "Thivon"]
[Date "2016.08.27"]
[Round "3.8"]
[White "Kaforos, Dimitrios-Alkis"]
[Black "Trimitzios, Petros"]
[Result "1/2-1/2"]
[BlackElo "2094"]
[WhiteElo "2204"]
[LiveChessVersion "1.4.8"]

1. e4 {[%clk 1:30:43]} e5 {[%clk 1:30:25]} 2. Nf3 {[%clk 1:30:58]} Nc6
{[%clk 1:28:55]} 3. Bb5 {[%clk 1:31:22]} a6 {[%clk 1:28:45]} 4. Ba4
{[%clk 1:31:46]} Nf6 {[%clk 1:28:31]} 5. O-O {[%clk 1:32:06]} b5 {[%clk 1:27:49]}
6. Bb3 {[%clk 1:32:31]} Bb7 {[%clk 1:28:04]} 7. Re1 {[%clk 1:30:59]} Bc5
{[%clk 1:27:09]} 8. c3 {[%clk 1:31:01]} d6 {[%clk 1:24:16]} 9. d4
{[%clk 1:31:07]} Bb6 {[%clk 1:24:24]} 10. Be3 {[%clk 1:28:40]} exd4
{[%clk 1:07:00]} 11. cxd4 {[%clk 1:26:24]} Na5 {[%clk 0:54:48]} 12. Bc2
{[%clk 1:26:13]} h6 {[%clk 0:51:57]} 13. Nbd2 {[%clk 1:24:37]} O-O
{[%clk 0:49:30]} 14. h3 {[%clk 1:18:00]} Re8 {[%clk 0:36:53]} 15. Bf4
{[%clk 1:18:02]} Nc6 {[%clk 0:33:22]} 16. d5 {[%clk 1:16:23]} Ne5
{[%clk 0:30:42]} 17. Nb3 {[%clk 1:12:50]} c5 {[%clk 0:28:46]} 18. dxc6
{[%clk 1:11:27]} Bxc6 {[%clk 0:28:48]} 19. Nfd4 {[%clk 1:11:00]} Bd7
{[%clk 0:27:13]} 20. Qe2 {[%clk 1:09:27]} Rc8 {[%clk 0:23:51]} 21. Rac1
{[%clk 1:09:19]} Rc4 {[%clk 0:20:25]} 22. Be3 {[%clk 1:09:02]} Nc6
{[%clk 0:19:29]} 23. Nxc6 {[%clk 1:08:25]} Bxc6 {[%clk 0:19:06]} 24. Nd2
{[%clk 1:07:28]} Bxe3 {[%clk 0:19:06]} 25. Qxe3 {[%clk 1:06:53]} Rc5
{[%clk 0:19:30]} 26. f3 {[%clk 1:05:20]} Bb7 {[%clk 0:18:49]} 27. Nb3
{[%clk 1:05:25]} Rc7 {[%clk 0:16:29]} 28. Nd4 {[%clk 1:05:45]} Qd7
{[%clk 0:15:35]} 29. Bb3 {[%clk 1:04:39]} Rc5 {[%clk 0:14:09]} 30. Red1
{[%clk 1:04:07]} Ree5 {[%clk 0:10:18]} 31. Rxc5 {[%clk 1:02:51]} dxc5
{[%clk 0:10:33]} 32. Ne6 {[%clk 1:02:27]} Qe7 {[%clk 0:09:30]} 33. Nd8
{[%clk 1:00:35]} c4 {[%clk 0:09:24]} 34. Bc2 {[%clk 1:00:30]} Rd5
{[%clk 0:08:07]} 35. Qb6 {[%clk 0:57:24]} Rxd1+ {[%clk 0:07:03]} 36. Bxd1
{[%clk 0:57:52]} Nd7 {[%clk 0:07:07]} 37. Qxb7 {[%clk 0:55:43]} Qxd8
{[%clk 0:07:35]} 38. Qd5 {[%clk 0:56:01]} Qb6+ {[%clk 0:07:17]} 39. Kh2
{[%clk 0:55:53]} Qe6 {[%clk 0:07:19]} 40. Qxe6 {[%clk 1:08:46]} fxe6
{[%clk 0:22:44]} 41. Kg3 {[%clk 1:09:10]} 1/2-1/2

[Event "International Tournament"]
[Site "Thivon"]
[Date "2016.08.27"]
[Round "3.9"]
[White "Vlassis, Georgios"]
[Black "Zygouris, Hristos"]
[Result "1-0"]
[BlackElo "2203"]
[WhiteElo "1962"]
[LiveChessVersion "1.4.8"]

1. Nf3 {[%clk 1:30:58]} g6 {[%clk 1:29:39]} 2. d4 {[%clk 1:30:51]} Bg7
{[%clk 1:26:49]} 3. e3 {[%clk 1:30:59]} c5 {[%clk 1:23:08]} 4. Be2
{[%clk 1:29:33]} Nf6 {[%clk 1:23:14]} 5. O-O {[%clk 1:29:18]} O-O
{[%clk 1:23:20]} 6. c4 {[%clk 1:25:49]} cxd4 {[%clk 1:23:33]} 7. Nxd4
{[%clk 1:25:49]} Nc6 {[%clk 1:12:27]} 8. Nc3 {[%clk 1:24:51]} d6 {[%clk 1:08:13]}
9. Rb1 {[%clk 1:01:18]} Nxd4 {[%clk 1:06:21]} 10. exd4 {[%clk 0:52:29]} d5
{[%clk 0:59:02]} 11. b3 {[%clk 0:47:20]} Bf5 {[%clk 0:47:48]} 12. Bd3
{[%clk 0:41:41]} Bxd3 {[%clk 0:35:17]} 13. Qxd3 {[%clk 0:42:05]} dxc4
{[%clk 0:32:18]} 14. bxc4 {[%clk 0:42:22]} Qd7 {[%clk 0:32:18]} 15. Ne4
{[%clk 0:27:20]} Rac8 {[%clk 0:31:17]} 16. Nxf6+ {[%clk 0:26:31]} Bxf6
{[%clk 0:31:39]} 17. Be3 {[%clk 0:26:08]} b6 {[%clk 0:31:34]} 18. Qb3
{[%clk 0:24:06]} Bxd4 {[%clk 0:30:34]} 19. Rfd1 {[%clk 0:20:05]} e5
{[%clk 0:30:36]} 20. Qd3 {[%clk 0:11:22]} Rfd8 {[%clk 0:29:57]} 21. Rb5
{[%clk 0:10:33]} Qc6 {[%clk 0:23:49]} 22. Qb3 {[%clk 0:05:09]} Bxe3
{[%clk 0:12:14]} 23. Rxd8+ {[%clk 0:04:53]} Rxd8 {[%clk 0:12:32]} 24. fxe3
{[%clk 0:05:19]} Qe4 {[%clk 0:10:18]} 25. Rd5 {[%clk 0:05:21]} Rc8
{[%clk 0:10:05]} 26. c5 {[%clk 0:01:39]} bxc5 {[%clk 0:04:49]} 27. Rd7
{[%clk 0:01:21]} c4 {[%clk 0:04:55]} 28. Qc3 {[%clk 0:00:45]} Qb1+
{[%clk 0:01:22]} 29. Kf2 {[%clk 0:01:14]} Qxa2+ {[%clk 0:01:38]} 30. Kg3
{[%clk 0:01:43]} Rc5 {[%clk 0:01:01]} 31. Rd8+ {[%clk 0:01:27]} Kg7
{[%clk 0:01:30]} 32. Qb4 {[%clk 0:01:51]} Qa5 {[%clk 0:01:30]} 33. Qb8
{[%clk 0:02:20]} Qe1+ {[%clk 0:01:19]} 34. Kh3 {[%clk 0:02:49]} Qxe3+
{[%clk 0:01:16]} 35. g3 {[%clk 0:03:18]} e4 {[%clk 0:00:34]} 36. Rg8+
{[%clk 0:01:29]} Kh6 {[%clk 0:00:58]} 37. Qf8+ {[%clk 0:01:27]} Kg5
{[%clk 0:00:32]} 38. Qxf7 {[%clk 0:01:50]} Rf5 {[%clk 0:00:33]} 39. Qxh7
{[%clk 0:02:05]} Rf6 {[%clk 0:00:42]} 40. Qh4+ {[%clk 0:16:55]} Kf5
{[%clk 0:16:10]} 41. Qg4+ {[%clk 0:15:21]} Ke5 {[%clk 0:16:39]} 42. Re8+
{[%clk 0:12:17]} Kd4 {[%clk 0:16:21]} 43. Qd1+ {[%clk 0:08:47]} Kc5
{[%clk 0:15:52]} 44. Re5+ {[%clk 0:08:28]} Kb4 {[%clk 0:14:36]} 45. Qb1+
{[%clk 0:08:01]} Qb3 {[%clk 0:11:23]} 46. Qe1+ {[%clk 0:08:19]} c3
{[%clk 0:08:08]} 47. Qxe4+ {[%clk 0:07:03]} Ka3 {[%clk 0:07:48]} 48. Ra5+
{[%clk 0:07:20]} Kb2 {[%clk 0:08:11]} 49. Qe2+ {[%clk 0:07:44]} Kb1
{[%clk 0:06:04]} 50. Rb5 {[%clk 0:06:48]} Rb6 {[%clk 0:06:00]} 51. Qd1+
{[%clk 0:07:09]} Kb2 {[%clk 0:06:20]} 52. Qxb3+ {[%clk 0:07:33]} 1-0

[Event "International Tournament"]
[Site "Thivon"]
[Date "2016.08.27"]
[Round "3.10"]
[White "Sirigos, Nikolaos"]
[Black "Ornithopoulos, Nikolaos"]
[Result "1-0"]
[BlackElo "1967"]
[WhiteElo "2199"]
[LiveChessVersion "1.4.8"]

1. c4 {[%clk 1:30:43]} e6 {[%clk 1:28:01]} 2. e4 {[%clk 1:30:34]} d5
{[%clk 1:27:11]} 3. exd5 {[%clk 1:30:51]} exd5 {[%clk 1:27:36]} 4. d4
{[%clk 1:31:14]} Nf6 {[%clk 1:24:38]} 5. Nc3 {[%clk 1:31:00]} c6 {[%clk 1:24:01]}
6. Bd3 {[%clk 1:23:12]} Be6 {[%clk 1:17:40]} 7. c5 {[%clk 1:21:52]} b6
{[%clk 1:15:46]} 8. cxb6 {[%clk 1:20:54]} axb6 {[%clk 1:15:18]} 9. Nge2
{[%clk 1:20:22]} Qd7 {[%clk 1:10:42]} 10. O-O {[%clk 1:15:34]} Bd6
{[%clk 1:08:39]} 11. Bg5 {[%clk 1:05:23]} Ng4 {[%clk 0:59:12]} 12. Ng3
{[%clk 1:00:04]} h6 {[%clk 0:57:24]} 13. Bd2 {[%clk 1:00:08]} h5 {[%clk 0:54:06]}
14. f4 {[%clk 0:56:48]} g6 {[%clk 0:48:16]} 15. Na4 {[%clk 0:48:19]} Qa7
{[%clk 0:43:41]} 16. Nc3 {[%clk 0:46:00]} b5 {[%clk 0:41:18]} 17. Nce2
{[%clk 0:39:21]} h4 {[%clk 0:40:03]} 18. Nh1 {[%clk 0:39:22]} Nd7
{[%clk 0:38:41]} 19. h3 {[%clk 0:33:15]} Nh6 {[%clk 0:37:24]} 20. Qc2
{[%clk 0:32:31]} Qc7 {[%clk 0:35:59]} 21. Rfc1 {[%clk 0:28:14]} Rc8
{[%clk 0:35:25]} 22. Nf2 {[%clk 0:28:31]} Nf6 {[%clk 0:32:55]} 23. Qb3
{[%clk 0:26:11]} Rb8 {[%clk 0:28:13]} 24. Bb4 {[%clk 0:23:40]} O-O
{[%clk 0:26:46]} 25. Bxd6 {[%clk 0:23:37]} Qxd6 {[%clk 0:27:03]} 26. Qc2
{[%clk 0:23:44]} Rb6 {[%clk 0:21:18]} 27. Bxg6 {[%clk 0:22:40]} Qd7
{[%clk 0:19:43]} 28. Bd3 {[%clk 0:22:28]} Bf5 {[%clk 0:19:38]} 29. Re1
{[%clk 0:13:00]} Re8 {[%clk 0:18:47]} 30. Nc3 {[%clk 0:13:13]} Rbb8
{[%clk 0:17:26]} 31. Re5 {[%clk 0:13:24]} Rxe5 {[%clk 0:15:44]} 32. fxe5
{[%clk 0:13:19]} Ne4 {[%clk 0:14:54]} 33. Ncxe4 {[%clk 0:13:29]} dxe4
{[%clk 0:15:18]} 34. Bxe4 {[%clk 0:13:50]} Bxe4 {[%clk 0:13:02]} 35. Qxe4
{[%clk 0:14:12]} Nf5 {[%clk 0:13:22]} 36. Rd1 {[%clk 0:14:03]} Rd8
{[%clk 0:12:34]} 37. Ng4 {[%clk 0:14:11]} Kf8 {[%clk 0:11:39]} 38. Nf6
{[%clk 0:12:02]} Qe6 {[%clk 0:11:56]} 39. Rd3 {[%clk 0:11:16]} Ke7
{[%clk 0:09:34]} 40. d5 {[%clk 0:26:04]} cxd5 {[%clk 0:24:35]} 41. Qb4+ 1-0

[Event "International Tournament"]
[Site "Thivon"]
[Date "2016.08.27"]
[Round "3.11"]
[White "Giatrakos, Orestis"]
[Black "Drakoulakos, Grigorios"]
[Result "0-1"]
[BlackElo "2195"]
[WhiteElo "1829"]
[LiveChessVersion "1.4.8"]

1. e4 {[%clk 1:24:38]} c6 {[%clk 1:30:34]} 2. d4 {[%clk 1:24:56]} d5
{[%clk 1:30:50]} 3. exd5 {[%clk 1:25:11]} cxd5 {[%clk 1:30:32]} 4. Bd3
{[%clk 1:25:31]} Nc6 {[%clk 1:29:42]} 5. c3 {[%clk 1:25:54]} Qc7 {[%clk 1:28:15]}
6. Ne2 {[%clk 1:23:26]} Bg4 {[%clk 1:27:45]} 7. f3 {[%clk 1:22:39]} Bd7
{[%clk 1:26:55]} 8. Bf4 {[%clk 1:22:20]} e5 {[%clk 1:26:47]} 9. dxe5
{[%clk 1:03:34]} Nxe5 {[%clk 1:26:54]} 10. Bc2 {[%clk 0:59:41]} Bd6
{[%clk 1:23:37]} 11. Bg3 {[%clk 0:53:42]} Ne7 {[%clk 1:22:46]} 12. Nd2
{[%clk 0:52:38]} O-O {[%clk 1:02:40]} 13. Nb3 {[%clk 0:50:12]} Rfe8
{[%clk 0:58:33]} 14. Nbd4 {[%clk 0:46:34]} N7g6 {[%clk 0:51:40]} 15. Bb3
{[%clk 0:32:43]} h5 {[%clk 0:37:16]} 16. O-O {[%clk 0:27:35]} h4 {[%clk 0:36:59]}
17. Bxe5 {[%clk 0:27:02]} Bxe5 {[%clk 0:36:24]} 18. h3 {[%clk 0:26:46]} Qd6
{[%clk 0:20:57]} 19. Ba4 {[%clk 0:23:46]} b5 {[%clk 0:15:46]} 20. Bc2
{[%clk 0:22:02]} Nf4 {[%clk 0:15:03]} 21. Nxf4 {[%clk 0:20:13]} Bxf4
{[%clk 0:15:28]} 22. Kh1 {[%clk 0:20:09]} Qe5 {[%clk 0:13:46]} 23. Re1
{[%clk 0:10:42]} Qg5 {[%clk 0:13:53]} 24. Rxe8+ {[%clk 0:11:05]} Rxe8
{[%clk 0:14:10]} 25. Ne2 {[%clk 0:11:26]} Bc7 {[%clk 0:10:47]} 26. f4
{[%clk 0:08:51]} Qh5 {[%clk 0:07:09]} 27. Nd4 {[%clk 0:07:32]} Qh6
{[%clk 0:07:23]} 28. Qf3 {[%clk 0:06:51]} Qxf4 {[%clk 0:05:32]} 29. Qxf4
{[%clk 0:07:13]} Bxf4 {[%clk 0:05:33]} 30. Rf1 {[%clk 0:06:40]} Be5
{[%clk 0:05:35]} 31. Bb3 {[%clk 0:06:32]} Bxd4 {[%clk 0:04:05]} 32. cxd4
{[%clk 0:06:54]} Bc6 {[%clk 0:03:17]} 33. Rc1 {[%clk 0:06:21]} Re6
{[%clk 0:03:36]} 34. Rc5 {[%clk 0:06:18]} Rd6 {[%clk 0:04:01]} 35. Kg1
{[%clk 0:06:28]} Kf8 {[%clk 0:03:53]} 36. Kf2 {[%clk 0:06:13]} Ke7
{[%clk 0:04:13]} 37. Bd1 {[%clk 0:05:51]} Rf6+ {[%clk 0:03:47]} 38. Bf3
{[%clk 0:05:55]} Kd6 {[%clk 0:04:02]} 39. Rc2 {[%clk 0:06:01]} Re6
{[%clk 0:03:01]} 40. Re2 {[%clk 0:20:59]} a6 {[%clk 0:16:34]} 41. b4
{[%clk 0:20:51]} Bd7 {[%clk 0:15:10]} 42. Rc2 {[%clk 0:20:35]} Re7
{[%clk 0:14:57]} 43. Rc3 {[%clk 0:20:13]} Bc6 {[%clk 0:14:51]} 44. Ra3
{[%clk 0:20:03]} Bb7 {[%clk 0:15:04]} 45. Rc3 {[%clk 0:20:21]} Re8
{[%clk 0:15:14]} 46. Rc5 {[%clk 0:20:16]} Bc6 {[%clk 0:15:19]} 47. Rc3
{[%clk 0:20:38]} Ra8 {[%clk 0:14:51]} 48. Ra3 {[%clk 0:18:23]} Bb7
{[%clk 0:15:08]} 49. Rc3 {[%clk 0:17:51]} a5 {[%clk 0:14:37]} 50. bxa5
{[%clk 0:16:10]} Rxa5 {[%clk 0:15:00]} 51. a3 {[%clk 0:16:36]} Ra4
{[%clk 0:14:38]} 52. Ke3 {[%clk 0:15:48]} f5 {[%clk 0:14:41]} 53. Be2
{[%clk 0:14:37]} f4+ {[%clk 0:13:33]} 54. Kxf4 {[%clk 0:08:48]} Rxd4+
{[%clk 0:13:55]} 55. Ke3 {[%clk 0:08:07]} Re4+ {[%clk 0:14:12]} 56. Kd2
{[%clk 0:08:27]} Bc6 {[%clk 0:13:24]} 57. Rb3 {[%clk 0:03:54]} Kc5
{[%clk 0:13:33]} 58. g3 {[%clk 0:04:17]} g5 {[%clk 0:12:15]} 59. Rc3+
{[%clk 0:03:58]} Kb6 {[%clk 0:09:43]} 60. Rb3 {[%clk 0:04:14]} Ra4
{[%clk 0:09:01]} 61. gxh4 {[%clk 0:04:33]} gxh4 {[%clk 0:09:14]} 62. Rb4
{[%clk 0:04:56]} Rxa3 {[%clk 0:09:04]} 63. Rxh4 {[%clk 0:05:17]} Kc5
{[%clk 0:09:26]} 64. Rh8 {[%clk 0:04:57]} Bd7 {[%clk 0:09:31]} 65. h4
{[%clk 0:04:50]} Ra2+ {[%clk 0:08:34]} 66. Ke1 {[%clk 0:04:59]} b4
{[%clk 0:05:55]} 67. Rb8 {[%clk 0:04:26]} Rb2 {[%clk 0:05:02]} 68. h5
{[%clk 0:04:35]} Bf5 {[%clk 0:04:55]} 69. h6 {[%clk 0:04:39]} Kd4
{[%clk 0:04:16]} 70. Rf8 {[%clk 0:04:54]} Be4 {[%clk 0:04:34]} 71. Re8
{[%clk 0:05:06]} Ra2 {[%clk 0:03:43]} 72. Rb8 {[%clk 0:05:23]} Ke3
{[%clk 0:04:00]} 73. Bd1 {[%clk 0:05:19]} Rh2 {[%clk 0:04:12]} 0-1